000 00744nam a22002177a 4500
999 _c14006
_d14006
003 AR-CdUCM
008 190417b ||||| |||| 00| 0 spa d
040 _aMUNICIPALIDAD PROVINCIAL DEL CUSCO
_cBIBLIOTECA MUNICIPAL DEL CUSCO
082 _a770 /
_bS76
100 _aSpoerl, A.
_932664
245 _aProntuario de fotografía /
260 _aEspaña :
_bZeus,
_c1966.
300 _a557 páginas ,
_c15 cm.
_bLaminas, fotografías,
505 _aContenido : Cuan simple es -- Sin embargo no es tan fácil -- Pero a pesar de todo, sigue siendo sencillo.
650 _aFotografía
_94511
650 _aCamara
_913128
650 _aTécnicas
_9975
700 _aOrtega Masiá, Enrique
_932665
942 _2ddc
_cLIBROS
945 _arah
_d17/04/2019